Stades de Serie A (2023-2024) - Statistiques

Statistiques générales
  • Ce quiz a été pris 32 fois
  • Le résultat moyen est 5 sur 18
Statistiques - réponses
Équipe(s) Stade Ville Capacité % Correct
AC Milan - Inter Milan San Siro / Giuseppe Meazza Milan 80 018
100%
SSC Naples Stade Diego Armando Maradona Naples 60 240
96%
AS Rome - SS Lazio Stade olympique de Rome Rome 70 634
84%
Juventus Turin Allianz Stadium Turin 41 504
56%
Torino Stade olympique de Turin Turin 27 994
44%
ACF Fiorentina Stade Artemio-Franchi Florence 47 282
20%
Atalanta Bergame Gewiss Stadium Bergame 26 542
16%
Genoa Stade Luigi-Ferraris Gênes 36 685
16%
Udinese Calcio Dacia Arena Udine 25 500
12%
Sassuolo Mapei Stadium-Città del Tricolore Reggio d'Émilie 23 717
8%
Hellas Verone Stade Mercantonio-Bentegodi Vérone 39 211
8%
Bologne Stade Renato-Dall'Ara Bologne 38 279
8%
US Lecce Stade Via del Mare Lecce 36 285
8%
Spezia Calcio Stade Alberto-Picco La Spezia 10 336
4%
Salernitana Stade Arigis Salerne 31 000
4%
Frosinone Stade Benito-Stirpe Frosinone 16 227
0%
AC Monza Stade Brianteo Monza 18 568
0%
Empoli Stade Carlo-Castellani Empoli 19 847
0%
Aucun quiz correspondant
Distribution des résultats
% des personnes avec chaque résultat
Percentile par nombre de réponses
Votre historique - résultats
Vous n’avez pas pris ce quiz